<?xml version="1.0" encoding="UTF-8"?>
<record
    xmlns:xsi="http://www.w3.org/2001/XMLSchema-instance"
    xsi:schemaLocation="http://www.loc.gov/MARC21/slim http://www.loc.gov/standards/marcxml/schema/MARC21slim.xsd"
    xmlns="http://www.loc.gov/MARC21/slim">

  <leader>02425nam a22003614a 4500</leader>
  <controlfield tag="001">ebr10149913</controlfield>
  <controlfield tag="003">CaPaEBR</controlfield>
  <controlfield tag="006">m        u        </controlfield>
  <controlfield tag="007">cr cn|||||||||</controlfield>
  <controlfield tag="008">050324s2005    inu     sb   s101 0 eng  </controlfield>
  <datafield tag="010" ind1=" " ind2=" ">
    <subfield code="z">  2005008639</subfield>
  </datafield>
  <datafield tag="020" ind1=" " ind2=" ">
    <subfield code="z">0253217962 (pbk. : alk. paper)</subfield>
  </datafield>
  <datafield tag="020" ind1=" " ind2=" ">
    <subfield code="z">0253346495 (cloth : alk. paper)</subfield>
  </datafield>
  <datafield tag="040" ind1=" " ind2=" ">
    <subfield code="a">CaPaEBR</subfield>
    <subfield code="c">CaPaEBR</subfield>
  </datafield>
  <datafield tag="035" ind1=" " ind2=" ">
    <subfield code="a">(OCoLC)191936278</subfield>
  </datafield>
  <datafield tag="043" ind1=" " ind2=" ">
    <subfield code="a">mm-----</subfield>
  </datafield>
  <datafield tag="050" ind1="1" ind2="4">
    <subfield code="a">BL65.S38</subfield>
    <subfield code="b">R45 2005eb</subfield>
  </datafield>
  <datafield tag="082" ind1="0" ind2="4">
    <subfield code="a">202/.2</subfield>
    <subfield code="2">22</subfield>
  </datafield>
  <datafield tag="245" ind1="0" ind2="0">
    <subfield code="a">Religion and the self in antiquity</subfield>
    <subfield code="h">[electronic resource] /</subfield>
    <subfield code="c">edited by David Brakke, Michael L. Satlow, Steven Weitzman.</subfield>
  </datafield>
  <datafield tag="260" ind1=" " ind2=" ">
    <subfield code="a">Bloomington, IN :</subfield>
    <subfield code="b">Indiana University Press,</subfield>
    <subfield code="c">c2005.</subfield>
  </datafield>
  <datafield tag="300" ind1=" " ind2=" ">
    <subfield code="a">vi, 268 p.</subfield>
  </datafield>
  <datafield tag="504" ind1=" " ind2=" ">
    <subfield code="a">Includes bibliographical references and index.</subfield>
  </datafield>
  <datafield tag="505" ind1="0" ind2="0">
    <subfield code="t">Shifting selves in late antiquity /</subfield>
    <subfield code="r">Patricia Cox Miller --</subfield>
    <subfield code="t">The search for the elusive self in texts of the Hebrew Bible /</subfield>
    <subfield code="r">Saul M. Olyan --</subfield>
    <subfield code="t">The slave self /</subfield>
    <subfield code="r">J. Albert Harrill --</subfield>
    <subfield code="t">Prayer of the queen : Esther's religious self in the Septuagint /</subfield>
    <subfield code="r">Esther Menn -- Giving for a return : Jewish votive offerings in late antiquity /</subfield>
    <subfield code="r">Michael L. Satlow --</subfield>
    <subfield code="t">The self in Artemidorus' interpretation of dreams /</subfield>
    <subfield code="r">Peter T. Struck --</subfield>
    <subfield code="t">Sensory reform in Deuteronomy /</subfield>
    <subfield code="r">Steven Weitzman --</subfield>
    <subfield code="t">Locating the sensing body : perception and religious identity in late antiquity /</subfield>
    <subfield code="r">Susan Ashbrook Harvey --</subfield>
    <subfield code="t">Dialogue and deliberation : the sensory self in the hymns of Romanos the Melodist /</subfield>
    <subfield code="r">Georgia Frank --</subfield>
    <subfield code="t">From master of wisdom to spiritual master in late antiquity /</subfield>
    <subfield code="r">Guy G. Stroumsa --</subfield>
    <subfield code="t">The beastly body in rabbinic self-formation /</subfield>
    <subfield code="r">Jonathan Schofer --</subfield>
    <subfield code="t">Making public the monastic life : reading the self in Evagrius Ponticus' talking back /</subfield>
    <subfield code="r">David Brakke --</subfield>
    <subfield code="t">The student self in late antiquity /</subfield>
    <subfield code="r">Edward Watts.</subfield>
  </datafield>
  <datafield tag="533" ind1=" " ind2=" ">
    <subfield code="a">Electronic reproduction.</subfield>
    <subfield code="b">Palo Alto, Calif. :</subfield>
    <subfield code="c">ebrary,</subfield>
    <subfield code="d">2013.</subfield>
    <subfield code="n">Available via World Wide Web.</subfield>
    <subfield code="n">Access may be limited to ebrary affiliated libraries.</subfield>
  </datafield>
  <datafield tag="650" ind1=" " ind2="0">
    <subfield code="a">Self</subfield>
    <subfield code="x">Religious aspects</subfield>
    <subfield code="x">History</subfield>
    <subfield code="y">To 1500</subfield>
    <subfield code="v">Congresses.</subfield>
  </datafield>
  <datafield tag="650" ind1=" " ind2="0">
    <subfield code="a">Self</subfield>
    <subfield code="z">Mediterranean Region</subfield>
    <subfield code="x">History</subfield>
    <subfield code="y">To 1500</subfield>
    <subfield code="v">Congresses.</subfield>
  </datafield>
  <datafield tag="655" ind1=" " ind2="7">
    <subfield code="a">Electronic books.</subfield>
    <subfield code="2">local</subfield>
  </datafield>
  <datafield tag="700" ind1="1" ind2=" ">
    <subfield code="a">Brakke, David.</subfield>
  </datafield>
  <datafield tag="700" ind1="1" ind2=" ">
    <subfield code="a">Satlow, Michael L.</subfield>
  </datafield>
  <datafield tag="700" ind1="1" ind2=" ">
    <subfield code="a">Weitzman, Steven,</subfield>
    <subfield code="d">1965-</subfield>
  </datafield>
  <datafield tag="710" ind1="2" ind2=" ">
    <subfield code="a">ebrary, Inc.</subfield>
  </datafield>
  <datafield tag="856" ind1="4" ind2="0">
    <subfield code="u">http://site.ebrary.com/lib/rucke/Doc?id=10149913</subfield>
    <subfield code="z">An electronic book accessible through the World Wide Web; click to view</subfield>
  </datafield>
  <datafield tag="999" ind1=" " ind2=" ">
    <subfield code="c">94501</subfield>
    <subfield code="d">94501</subfield>
  </datafield>
</record>
